000
00262nam a22001097a 4500
008
170117b xxu||||| |||| 00| 0 eng d
020
_a
9781565335202
041
_a
eng
080
_2
8th
_a
618.2
245
_a
EN MATERNAL NEWBORN NURSING
_c
KNIPPA, A
942
_2
udc
_c
BK
999
_c
3013
_d
3013